An Overview of Dental Image Processing Techniques/ (Record no. 211994)

MARC details
000 -LEADER
fixed length control field 00634nam a2200193 4500
005 - DATE AND TIME OF LATEST TRANSACTION
control field 20250627153829.0
010 ## - LCCN (DPL NO)
LC control number ENG-145616
020 ## - INTERNATIONAL STANDARD BOOK NUMBER
International Standard Book Number 9789361630187
Terms of availability 220.00
035 ## - SYSTEM CONTROL NUMBER
System control number EN-129148
037 ## - SOURCE OF ACQUISITION
Source of stock number/acquisition DBAD
082 ## - DEWEY DECIMAL CLASSIFICATION NUMBER
Classification number 617.695
100 ## - MAIN ENTRY--PERSONAL NAME
Personal name Jaffino, G.
245 ## - TITLE STATEMENT
Title An Overview of Dental Image Processing Techniques/
Statement of responsibility, etc G. Jaffino [and] J. Prabin Jose
260 ## - PUBLICATION, DISTRIBUTION, ETC. (IMPRINT)
Place of publication, distribution, etc Madurai
Name of publisher, distributor, etc Shanlax Publications
Date of publication, distribution, etc 2024
270 ## - ADDRESS
Address 61,66 Vasantha Nagar
City Madurai
Postal code 625003
Electronic mail address shanlaxpublications@gmail.com
300 ## - PHYSICAL DESCRIPTION
Extent 113p.
Dimensions 22cm(Pbk)
700 ## - ADDED ENTRY--PERSONAL NAME
Personal name Jose, J. Prabin
Relator term Author
9 (RLIN) 82438
942 ## - ADDED ENTRY ELEMENTS (KOHA)
Source of classification or shelving scheme Dewey Decimal Classification
Item type English Books
Classification part 617.695
Call number suffix JAF
Holdings
Withdrawn status Lost status Not for loan Collection code Home library Current library Date acquired Source of acquisition Cost, normal purchase price Full call number Barcode Copy number Cost, replacement price Koha item type
      Non-fiction Sarojini Nagar Sarojini Nagar 27/06/2025 Delivery of Books Act Division 220.00 617.695 JAF EN-129148 1 220.00 English Books

© Delhi Public Library
Hit Counter
free hit counter